000
00337 a2200157 4500
001
163744
020
_a
040
_c
Magnum
100
_a
Hernandez, Jose
240
1
0
_a
A saga do gaucho martin fierro
_l
por
245
1
0
_a
A saga do gaucho martin fierro
362
0
_a
1899
440
1
_a
Scipione
697
_a
J/CONTO
942
_c
BK
999
_c
163744
_d
163744